Sports Quiz

Random Sports or College Quiz

2014 College Football Bowl Games Quiz Stats

 Plays Quiz not verified by Sporcle

Challenge
Share
Tweet
Embed
Score 0/76 Timer 08:00
0 Plays Today
Bowl Game Teams % Correct
AdvoCare Texas BowlTexas
95.8%
TaxSlayer BowlTennessee
92.2%
Rose Bowl Game presented by Northwestern MutualOregon
91.1%
Allstate Sugar BowlOhio State
90.6%
Birmingham BowlFlorida
90.3%
Rose Bowl Game presented by Northwestern MutualFlorida State
89.3%
Allstate Sugar BowlAlabama
89%
Goodyear Cotton Bowl ClassicBaylor
86.9%
Belk BowlGeorgia
85.6%
Chick-fil-A Peach BowlOle Miss
85.4%
Goodyear Cotton Bowl ClassicMichigan State
85.1%
Chick-fil-A Peach BowlTCU
84.9%
Vizio Fiesta BowlArizona
84.3%
National University Holiday BowlUSC
84.1%
Franklin American Mortgage Music City BowlLSU
84.1%
Russell Athletic BowlOklahoma
83.8%
Outback BowlWisconsin
82.8%
Hyundai Sun BowlArizona State
82.2%
Valero Alamo BowlUCLA
82.2%
Capital One Orange BowlMississippi State
82.2%
Outback BowlAuburn
81.7%
Belk BowlLouisville
80.7%
Capital One Orange BowlGeorgia Tech
80.7%
AdvoCare Texas BowlArkansas
79.9%
AutoZone Liberty BowlTexas A&M
79.6%
Vizio Fiesta BowlBoise State
79.4%
Royal Purple Las Vegas BowlUtah
78.9%
Quick Lane BowlNorth Carolina
78.9%
Hyundai Sun BowlDuke
78.6%
TicketCity Cactus BowlOklahoma State
78.6%
Foster Farms BowlStanford
78.1%
TaxSlayer BowlIowa
78.1%
Valero Alamo BowlKansas State
78.1%
TicketCity Cactus BowlWashington
78.1%
San Diego County Credit Union Poinsettia BowlNavy
77.8%
New Era Pinstripe BowlPenn State
77.5%
National University Holiday BowlNebraska
77.5%
Russell Athletic BowlClemson
77.3%
Bowl Game Teams % Correct
Duck Commander Independence BowlSouth Carolina
76.8%
Franklin American Mortgage Music City BowlNotre Dame
76.2%
Buffalo Wild Wings Citrus BowlMissouri
76.2%
Miami Beach BowlBYU
75.2%
Duck Commander Independence BowlMiami
75.2%
Buffalo Wild Wings Citrus BowlMinnesota
75.2%
Foster Farms BowlMaryland
73.6%
Military Bowl presented by Northrop GrummanVirginia Tech
73.1%
Royal Purple Las Vegas BowlColorado State
71.8%
R+L Carriers New Orleans BowlNevada
71.3%
Zaxby's Heart of Dallas BowlIllinois
71.3%
New Era Pinstripe BowlBoston College
70.8%
Quick Lane BowlRutgers
69.7%
Famous Idaho Potato BowlAir Force
68.7%
Bitcoin St. Petersburg BowlUCF
68.4%
AutoZone Liberty BowlWest Virginia
67.9%
Bitcoin St. Petersburg BowlNC State
66.8%
Gildan New Mexico BowlUtah State
66.1%
R+L Carriers New Orleans BowlULL
65.8%
Lockheed Martin Armed Forces BowlPittsburgh
65.8%
Lockheed Martin Armed Forces BowlHouston
65.3%
Miami Beach BowlMemphis
65%
Boca Raton BowlMarshall
64.2%
San Diego County Credit Union Poinsettia BowlSan Diego State
64.2%
Popeyes Bahamas BowlCentral Michigan
64%
Hawai'i BowlFresno State
63.2%
Military Bowl presented by Northrop GrummanCincinnati
62.1%
Famous Idaho Potato BowlWestern Michigan
60.8%
Boca Raton BowlNorthern Illinois
60.3%
Popeyes Bahamas BowlWestern Kentucky
59.5%
Birmingham BowlEast Carolina
57.7%
Gildan New Mexico BowlUTEP
56.9%
GoDaddy BowlToledo
56.4%
Raycom Media Camellia BowlBowling Green
55.6%
Hawai'i BowlRice
55.1%
Zaxby's Heart of Dallas BowlLouisiana Tech
54.3%
GoDaddy BowlArkansas State
54%
Raycom Media Camellia BowlSouth Alabama
48.3%

You're not logged in!

Compare scores with friends on all Sporcle quizzes.
OR
Log In

You Might Also Like...

Show Comments

Extras

Top Quizzes Today


Score Distribution

Your Account Isn't Verified!

In order to create a playlist on Sporcle, you need to verify the email address you used during registration. Go to your Sporcle Settings to finish the process.

Report this User

Report this user for behavior that violates our Community Guidelines.

Details: